Normal view
MARC view
- Vidhyarthi, A
Entry Personal Name
001 - CONTROL NUMBER
- control field: 6267
003 - CONTROL NUMBER IDENTIFIER
- control field: OSt
005 - DATE AND TIME OF LATEST TRANSACTION
- control field: 20180213101241.0
008 - FIXED-LENGTH DATA ELEMENTS
- fixed length control field: 180213|| aca||aabn | a|a d
040 ## - CATALOGING SOURCE
- Original cataloging agency: OSt
- Transcribing agency: OSt
100 ## - HEADING--PERSONAL NAME
- Personal name: Vidhyarthi, A
670 ## - SOURCE DATA FOUND
- Source citation: Work cat.: (OSt): Vidhyarthi, A, Go grammer class -VII, 2013